INDIAN JOURNAL OF PURE AND APPLIED PHYSICS (Record no. 12402)

MARC details
000 -LEADER
fixed length control field 00462nam a2200145Ia 4500
022 ## - INTERNATIONAL STANDARD SERIAL NUMBER
ISSN 0019-5596
245 #0 - TITLE STATEMENT
Title INDIAN JOURNAL OF PURE AND APPLIED PHYSICS
260 ## - PUBLICATION, DISTRIBUTION, ETC. (IMPRINT)
Name of publisher Council of Scientific and Industrial Research, New Delhi
Place of publication India
310 ## - CURRENT PUBLICATION FREQUENCY
Current publication frequency M
500 ## - GENERAL NOTE
General note Ending Volume & Year: 25, 1987
500 ## - GENERAL NOTE
General note Missing Volume: 3(10);19(9);24(5);25(10)
500 ## - GENERAL NOTE
General note Starting Volume & Year: 1, 1963
942 ## - ADDED ENTRY ELEMENTS (KOHA)
Koha item type Bound Journal
Holdings
Withdrawn status Lost status Damaged status Not for loan Home library Current library Date acquired Accession Number Koha item type
      Bound journals RRII Library RRII Library 31/12/2021 12266J Bound Journal